PYE'S SURGICAL HANDICRAFT (Record no. 22302)
[ view plain ]
| 000 -LEADER | |
|---|---|
| fixed length control field | 00362nam a22001577a 4500 |
| 003 - CONTROL NUMBER IDENTIFIER | |
| control field | SGT |
| 082 ## - DEWEY DECIMAL CLASSIFICATION NUMBER | |
| Classification number | 617 |
| Item number | P69K |
| 100 ## - MAIN ENTRY--PERSONAL NAME | |
| Personal name | KYLE, JAMES |
| 245 ## - TITLE STATEMENT | |
| Title | PYE'S SURGICAL HANDICRAFT |
| 250 ## - EDITION STATEMENT | |
| Edition statement | 19TH |
| 260 ## - PUBLICATION, DISTRIBUTION, ETC. (IMPRINT) | |
| Place of publication, distribution, etc | BOMBAY, INDIA |
| Name of publisher, distributor, etc | K.M. VARGESE PUB |
| Year of Publication | 1969 |
| 300 ## - PAGE DESCRIPTION | |
| No. of Pages | 820 |
| 650 ## - SUBJECT ADDED ENTRY--TOPICAL TERM | |
| Topical term or geographic name as entry element | GENERAL SUGERY |
| 653 ## - KEYWORDS--INDEX TERM | |
| Keyword term | PYE'S SURGICAL HANDICRAFT |
| 942 ## - ADDED ENTRY ELEMENTS (KOHA) | |
| Source of classification or shelving scheme | Dewey Decimal Classification |
| Koha item type | Rare Books |
| Withdrawn status | Lost status | Source of classification or shelving scheme | Damaged status | Not for loan | Collection code | Home library | Current library | Shelving location | Date acquired | Vendor Name | Total Checkouts | Full call number | Accession No. (Barcode) | Date last seen | Bill Date | Koha item type |
|---|---|---|---|---|---|---|---|---|---|---|---|---|---|---|---|---|
| Dewey Decimal Classification | Not For Loan | NURSING | SGT Medical Library | SGT Medical Library | Reference Book | 26/02/2022 | COMP. | 617 P69K | FN4670 | 26/02/2022 | 26/02/2022 | Rare Books |